[Event "EU-ch Online U12 Girls"]
[Site "Tornelo INT"]
[Date "2020.09.18"]
[Round "2"]
[White "Sharapova, Polina"]
[Black "Zagorac, Lara"]
[Result "1-0"]
[WhiteElo "1692"]
[BlackElo "1379"]
[PlyCount "105"]
[EventDate "2020.09.18"]
[EventType "swiss (rapid)"]
[EventRounds "9"]
[EventCountry "NET"]
[SourceTitle "EXT 2023"]
[Source "ChessBase"]
[SourceDate "2022.10.05"]
[SourceVersion "1"]
[SourceVersionDate "2022.10.05"]
[SourceQuality "1"]
[WhiteTeam "Ukraine"]
[BlackTeam "Croatia"]
[WhiteTeamCountry "UKR"]
[BlackTeamCountry "CRO"]

1. d4 d5 2. Nc3 Nc6 3. e4 dxe4 4. d5 Ne5 5. Nxe4 Bf5 6. Ng3 Bd7 7. Be2 Nf6 8. c4 e6 9. f4 Ng6 10. dxe6 fxe6 11. Nf3 Bc5 12. Nd4 0-0 13. Nb3 Bb4+ 14. Bd2 Bxd2+ 15. Qxd2 Bc6 16. Qxd8 Raxd8 17. 0-0 Nh4 18. Rf2 b6 19. Bf1 Ng4 20. Re2 Rxf4 21. Rxe6 Bb7 22. Rae1 Rdf8 23. h3 Nh6 24. Re7 Rf2 25. R1e2 Rxe2 26. Nxe2 Rf7 27. Re8+ Rf8 28. Rxf8+ Kxf8 29. Ned4 Ke7 30. c5 N4f5 31. c6 Bc8 32. Nb5 Kd8 33. Nxa7 Be6 34. Bd3 Bxb3 35. axb3 g6 36. g4 Nd4 37. Bc4 g5 38. Kf2 Ke7 39. Bd5 Kd6 40. Be4 Nxb3 41. Bxh7 Nf7 42. Be4 Ne5 43. Nb5+ Kc5 44. Nxc7 Nxc6 45. Ne6+ Kd6 46. Nxg5 Nd2 47. Bxc6 Kxc6 48. Ke2 Nc4 49. b3 Na5 50. h4 Nb7 51. h5 Nd6 52. h6 Ne8 53. h7 1-0

[Event "UKR-ch U12 Girls"]
[Site "Lvov"]
[Date "2019.03.27"]
[Round "9"]
[White "Sharapova, Polina"]
[Black "Prochaieva, Nina"]
[Result "1-0"]
[WhiteElo "1472"]
[BlackElo "1645"]
[PlyCount "65"]
[EventDate "2019.03.19"]
[EventType "tourn"]
[EventRounds "11"]
[EventCountry "UKR"]
[SourceTitle "CBM 190 Extra"]
[Source "ChessBase"]
[SourceDate "2019.07.15"]
[SourceVersion "1"]
[SourceVersionDate "2019.07.15"]
[SourceQuality "1"]

1. d4 Nf6 2. Nc3 e6 3. e4 b6 4. Nf3 Bb7 5. Bd3 d5 6. Bg5 Be7 7. Bxf6 Bxf6 8. e5 Be7 9. Qe2 Nd7 10. Nd1 c5 11. c3 c4 12. Bc2 0-0 13. h4 f6 14. exf6 Bxf6 15. Ng5 Bxg5 16. hxg5 g6 17. Rxh7 Qxg5 18. Rxd7 Bc8 19. Qxe6+ Kh8 20. Qh3+ Qh5 21. Qxh5+ gxh5 22. Rxd5 Bb7 23. Rxh5+ Kg8 24. Ne3 Rae8 25. 0-0-0 Ba6 26. Rdh1 Rxf2 27. Rh8+ Kf7 28. R1h7+ Kf6 29. Rxe8 Re2 30. Nd5+ Kg5 31. Rg7+ Kh6 32. Rg6+ Kh7 33. Nf6# 1-0

[Event "UKR-ch U12 Girls"]
[Site "Lvov"]
[Date "2019.03.24"]
[Round "6"]
[White "Sharapova, Polina"]
[Black "Dvoretska, Elizaveta"]
[Result "1-0"]
[WhiteElo "1472"]
[BlackElo "1646"]
[PlyCount "69"]
[EventDate "2019.03.19"]
[EventType "tourn"]
[EventRounds "11"]
[EventCountry "UKR"]
[SourceTitle "CBM 190 Extra"]
[Source "ChessBase"]
[SourceDate "2019.07.15"]
[SourceVersion "1"]
[SourceVersionDate "2019.07.15"]
[SourceQuality "1"]

1. e4 c5 2. c4 Nc6 3. Nc3 e5 4. d3 d6 5. g3 g6 6. Bg2 Bg7 7. Nge2 Nge7 8. 0-0 0-0 9. Be3 Be6 10. h3 f5 11. f4 Qd7 12. Kh2 Rad8 13. Rb1 a6 14. a4 Kh8 15. Qd2 Rde8 16. Nd5 a5 17. fxe5 Bxe5 18. Bh6 Rf7 19. Nef4 Ng8 20. Nxe6 Qxe6 21. exf5 Rxf5 22. Nc7 Qe7 23. Nxe8 Nxh6 24. Qxh6 Qxe8 25. Rxf5 gxf5 26. Qg5 Qf8 27. Bxc6 bxc6 28. Rf1 f4 29. gxf4 Bd4 30. f5 Bf6 31. Qg2 Qe8 32. Kh1 Qd7 33. Re1 d5 34. Re6 Bd4 35. Qe2 1-0

[Event "UKR-ch U12 Girls"]
[Site "Lvov"]
[Date "2019.03.21"]
[Round "3"]
[White "Manko, Mariya"]
[Black "Sharapova, Polina"]
[Result "1-0"]
[WhiteElo "1770"]
[BlackElo "1472"]
[PlyCount "161"]
[EventDate "2019.03.19"]
[EventType "tourn"]
[EventRounds "11"]
[EventCountry "UKR"]
[SourceTitle "CBM 190 Extra"]
[Source "ChessBase"]
[SourceDate "2019.07.15"]
[SourceVersion "1"]
[SourceVersionDate "2019.07.15"]
[SourceQuality "1"]

1. Nf3 d5 2. c4 d4 3. g3 Nc6 4. Bg2 e5 5. d3 Bb4+ 6. Bd2 a5 7. 0-0 f6 8. Na3 h5 9. Nc2 g5 10. e3 dxe3 11. Bxe3 Bf5 12. d4 e4 13. Nd2 Bxd2 14. Qxd2 h4 15. d5 Ne5 16. Nd4 Qd7 17. Qc2 Bh3 18. Qxe4 Bxg2 19. Qxg2 hxg3 20. fxg3 0-0-0 21. Ne6 Re8 22. Qe4 Qh7 23. Qxh7 Rxh7 24. Rae1 Nxc4 25. Bd4 Nd6 26. Bxf6 Nxf6 27. Rxf6 Reh8 28. Re2 Re7 29. Ref2 Ne4 30. Rf8+ Re8 31. Rxh8 Rxh8 32. Rf7 c5 33. dxc6 bxc6 34. Rc7+ Kb8 35. Rxc6 Re8 36. Ng7 Re7 37. Nf5 Rf7 38. Nd6 Nxd6 39. Rxd6 Rb7 40. b3 a4 41. Rd8+ Ka7 42. bxa4 Rb1+ 43. Kg2 Rb2+ 44. Kh3 Rxa2 45. Rd4 Kb6 46. Re4 Kc6 47. Re6+ Kd7 48. Ra6 Ke7 49. a5 Kf7 50. Ra7+ Ke8 51. a6 Kf8 52. Rb7 Rxa6 53. Rb5 Rh6+ 54. Kg2 Rg6 55. Kf3 Rh6 56. Rb2 Rg6 57. Kg4 Kf7 58. Rb7+ Kf6 59. Rb6+ Kg7 60. Rxg6+ Kxg6 61. h3 Kh6 62. Kf5 Kh5 63. Kf6 g4 64. h4 Kh6 65. Kf5 Kh5 66. Kf4 Kh6 67. Kxg4 Kg6 68. h5+ Kh6 69. Kh4 Kg7 70. g4 Kh7 71. g5 Kg7 72. h6+ Kh7 73. Kh5 Kg8 74. g6 Kh8 75. g7+ Kh7 76. Kg5 Kg8 77. Kf6 Kh7 78. Kf7 Kxh6 79. g8Q Kh5 80. Qg3 Kh6 81. Qg6# 1-0

[Event "UKR-ch U12 Girls"]
[Site "Lvov"]
[Date "2019.03.19"]
[Round "1"]
[White "Gryga, Daryna"]
[Black "Sharapova, Polina"]
[Result "1-0"]
[WhiteElo "1699"]
[BlackElo "1472"]
[PlyCount "51"]
[EventDate "2019.03.19"]
[EventType "tourn"]
[EventRounds "11"]
[EventCountry "UKR"]
[SourceTitle "CBM 190 Extra"]
[Source "ChessBase"]
[SourceDate "2019.07.15"]
[SourceVersion "1"]
[SourceVersionDate "2019.07.15"]
[SourceQuality "1"]

1. e4 c5 2. Nf3 d6 3. d4 cxd4 4. Nxd4 Nf6 5. Nc3 g6 6. Be3 Bg7 7. f3 Nc6 8. Qd2 0-0 9. 0-0-0 Qa5 10. Kb1 Rd8 11. Be2 Bd7 12. g4 a6 13. h4 h5 14. gxh5 Nxh5 15. Rdg1 Kh7 16. Nb3 Qe5 17. f4 Qf6 18. Rg5 b5 19. Bxh5 gxh5 20. Rxh5+ Kg8 21. Rg1 Kf8 22. Qg2 e6 23. e5 dxe5 24. Rh8+ Bxh8 25. Qg8+ Ke7 26. Bc5# 1-0